Statistics for James Bond Title Songs

Click here to take the quiz!

General Stats

  • This quiz has been taken 18 times
  • The average score is 19 of 32

Answer Stats

Answer% Correct
Duran Duran
100%
Paul McCartney & Wings
100%
Adele
93%
Shirley Bassey
93%
Madonna
93%
A-ha
87%
Sheena Easton
80%
Garbage
80%
Sam Smith
73%
Tom Jones
73%
Lulu
73%
Tina Turner
73%
Sheryl Crow
60%
Billie Eilish
60%
Louis Armstrong
60%
Carly Simon
60%
Nancy Sinatra
60%
Chris Cornell
53%
Gladys Knight
53%
All Time High
47%
Matt Monro
47%
Alicia Keys
47%
Jack White
47%
Another Way to Die
47%
You Know My Name
47%
We Have All the Time in the World
47%
Rita Coolidge
40%
Nobody Does It Better
40%
Writing's on the Wall
33%
Monty Norman
27%
Kingston Calypso
7%
Byron Lee and the Dragonflies
7%

Score Distribution

Percentile by Number Answered

Percent of People with Each Score

Your Score History

You have not taken this quiz